Bundesliga Teams of the Season 2010´s - Statistics

General Stats
  • This quiz has been taken 108 times
  • The average score is 91 of 110
Answer Stats
Position Club Nation Player % Correct
2017/18 RM Bayern Netherlands Arjen Robben
99%
2016/17 RM Bayern Netherlands Arjen Robben
99%
2014/15 RM Bayern Netherlands Arjen Robben
99%
2013/14 RM Bayern Netherlands Arjen Robben
99%
2009/10 RM Bayern Netherlands Arjen Robben
99%
2016/17 GK Bayern Germany Manuel Neuer
99%
2015/16 GK Bayern Germany Manuel Neuer
99%
2014/15 GK Bayern Germany Manuel Neuer
99%
2013/14 GK Bayern Germany Manuel Neuer
99%
2011/12 GK Bayern Germany Manuel Neuer
99%
2010/11 GK Schalke 04 Germany Manuel Neuer
99%
2018/19 ST Bayern Poland Robert Lewandowski
99%
2017/18 ST Bayern Poland Robert Lewandowski
99%
2016/17 ST Bayern Poland Robert Lewandowski
99%
2015/16 ST Bayern Poland Robert Lewandowski
99%
2014/15 ST Bayern Poland Robert Lewandowski
99%
2013/14 ST BVB Poland Robert Lewandowski
99%
2012/13 ST BVB Poland Robert Lewandowski
99%
2015/16 LB Bayern Austria David Alaba
98%
2014/15 LB Bayern Austria David Alaba
98%
2013/14 LB Bayern Austria David Alaba
98%
2018/19 CAM BVB Germany Marco Reus
98%
2010/11 LM Gladbach Germany Marco Reus
98%
2016/17 RB Bayern Germany Philipp Lahm
98%
2015/16 RB Bayern Germany Philipp Lahm
98%
2013/14 RB Bayern Germany Philipp Lahm
98%
2012/13 RB Bayern Germany Philipp Lahm
98%
2011/12 LB Bayern Germany Philipp Lahm
98%
2010/11 RB Bayern Germany Philipp Lahm
98%
2009/10 LB Bayern Germany Philipp Lahm
98%
2016/17 LM Bayern France Frank Ribery
96%
2013/14 LM Bayern France Frank Ribery
96%
2012/13 LM Bayern France Frank Ribery
96%
2011/12 LM Bayern France Frank Ribery
96%
2015/16 CB Bayern Germany Jerome Boateng
96%
2014/15 CB Bayern Germany Jerome Boateng
96%
2013/14 CB Bayern Germany Jerome Boateng
96%
2018/19 CB Bayern Germany Mats Hummels
96%
2017/18 CB Bayern Germany Mats Hummels
96%
2016/17 CB BVB Germany Mats Hummels
96%
2012/13 CB BVB Germany Mats Hummels
96%
2011/12 CB BVB Germany Mats Hummels
96%
2010/11 CB BVB Germany Mats Hummels
96%
2018/19 GK Gladbach Switzerland Yann Sommer
96%
2018/19 RM BVB England Jadon Sancho
95%
2016/17 ST BVB Gabun Pierre-Emerick Aubameyang
95%
2015/16 ST BVB Gabun Pierre-Emerick Aubameyang
95%
2017/18 CAM Bayern Germany Thomas Müller
95%
2015/16 CAM Bayern Germany Thomas Müller
95%
2014/15 LM Bayern Germany Thomas Müller
95%
2013/14 CAM Bayern Germany Thomas Müller
95%
2012/13 RM Bayern Germany Thomas Müller
95%
2011/12 RM Bayern Germany Thomas Müller
95%
2010/11 RM Bayern Germany Thomas Müller
95%
2009/10 ST Bayern Germany Thomas Müller
95%
2018/19 CDM Bayern Spain Thiago Alcantara
93%
2013/14 CM Bayern Germany Bastian Schweinsteiger
92%
2012/13 CM Bayern Germany Bastian Schweinsteiger
92%
2009/10 CDM Bayern Germany Bastian Schweinsteiger
92%
2018/19 RB Bayern Germany Joshua Kimmich
92%
2017/18 RB Bayern Germany Joshua Kimmich
92%
2017/18 CDM Bayern Spain Javi Martinez
89%
2015/16 CB Bayern Spain Javi Martinez
89%
2010/11 CDM Leverkusen Chile Aturo Vidal
88%
2018/19 LM Bayern Germany Serge Gnabry
86%
2014/15 CAM Wolfsburg Belgium Kevin de Bruyne
85%
2016/17 CM RB Leipzig Guinea Naby Keita
85%
2012/13 CB Bayern Brazil Dante
82%
2015/16 CDM Gladbach Switzerland Granit Xhaka
82%
2014/15 CDM Gladbach Switzerland Granit Xhaka
82%
2011/12 ST Bayern Germany Mario Gomez
82%
2010/11 ST Bayern Germany Mario Gomez
82%
2016/17 CB BVB Greece Sokratis
82%
2016/17 CM RB Leipzig Sweden Emil Forsberg
80%
2012/13 CAM BVB Germany Mario Götze
79%
2010/11 CAM BVB Germany Mario Götze
79%
2017/18 GK RB Leipzig Hungary Peter Gulacsi
79%
2012/13 GK BVB Germany Roman Weidenfeller
79%
2013/14 CM Bayern Germany Toni Kroos
76%
2011/12 CM Bayern Germany Toni Kroos
76%
2009/10 LM Leverkusen Germany Toni Kroos
76%
2011/12 ST Schalke 04 Spain Raul
73%
2011/12 CM BVB Japan Shinji Kagawa
73%
2015/16 CM BVB Armenia Henrikh Mkhitaryan
71%
2018/19 CAM Leverkusen Germany Kai Havertz
71%
2017/18 CB Schalke 04 Brazil Naldo
71%
2014/15 CB Wolfsburg Brazil Naldo
71%
2010/11 CDM BVB Turkey Nuri Sahin
67%
2016/17 LB Schalke 04 Bosnia Sead Kolasinac
67%
2015/16 CM BVB Germany Ilkay Gündogan
66%
2012/13 CM BVB Germany Ilkay Gündogan
66%
2012/13 LB BVB Germany Marcel Schmelzer
65%
2010/11 LB BVB Germany Marcel Schmelzer
65%
2009/10 CB Bayern Belgium Daniel van Buyten
64%
2018/19 LB Frankfurt Serbia Filip Kostic
64%
2011/12 RB BVB Poland Lukasz Piszczek
58%
2013/14 CB Leverkusen Turkey Ömer Toprak
58%
2018/19 CB Frankfurt Japan Makoto Hasebe
54%
2017/18 CM Leverkusen Chile Charles Aranguiz
53%
2011/12 CB Bayern Germany Holger Badstuber
47%
2009/10 GK Werder Bremen Germany Tim Wiese
47%
2009/10 CAM Werder Bremen Germany Mesut Özil
46%
2009/10 CB Leverkusen Finland Sami Hyypia
38%
2009/10 CDM Werder Bremen Germany Torsten Frings
36%
2017/18 LM Schalke 04 Italy Daniel Caligiuri
34%
2010/11 CB BVB Germany Neven Subotic
34%
2017/18 LB Leverkusen Germany Jonathan Tah
27%
2014/15 CM Leverkusen Germany Gonzalo Castro
24%
2009/10 RB Leverkusen Germany Gonzalo Castro
24%
2014/15 RB Gladbach Austria Martin Stranzl
15%
No matching quizzes found
Score Distribution
Percent of People with Each Score
Percentile by Number Answered
Your Score History
You have not taken this quiz